000 00453nam a22001931c 4500
001 a987677583
008 161020s2009 gw |||| 000u rus d
041 _arus
100 1 _aĹ okarev, Sergej Ju.
245 0 0 _aMoskva v epochu smuty :
_b1604-1613 gg.
264 _aMoskva :
_bInterreklama,
_c2009
300 _a208 S.
650 0 _aSmuta
651 0 _aRussland
651 0 _aMoskau
942 _cMG
040 _cRU-10907106
003 RU-10907106
999 _c39641
_d39641